|
|
|
|
| LEADER |
01525nam a2200325 a 4500 |
| 001 |
0017834 |
| 003 |
BD-DhAAL |
| 008 |
090701s2006 it a b 001 0 eng d |
| 010 |
|
|
|a 2006416245
|
| 020 |
|
|
|a 8876242678 :
|c 33.00 EUR
|
| 020 |
|
|
|a 9788876242670
|
| 040 |
|
|
|a ItFiC
|c ItFiC
|d DLC
|d BD-DhAAL
|
| 082 |
0 |
0 |
|a 720.1
|2 22
|
| 100 |
1 |
|
|a Barbara, Anna.
|9 31914
|
| 245 |
1 |
0 |
|a Invisible architecture :
|b experiencing places through the sense of smell /
|c Anna Barbara and Anthony Perliss.
|
| 250 |
|
|
|a First edition.
|
| 260 |
|
|
|a Milano :
|b Skira,
|c 2006.
|
| 300 |
|
|
|a 223 p. :
|b ill. (some col.) ;
|c 21 cm
|
| 504 |
|
|
|a Includes bibliographical references (pages 216-218) and index.
|
| 526 |
|
|
|a ARC
|x Md. Shajjad Hossain,
Faculty members of the Department of Architecture
|
| 541 |
1 |
|
|e 00017834
|a Zeenat Book Supply LTD
|
| 650 |
|
0 |
|a Architecture
|x Aesthetics.
|9 31915
|
| 650 |
|
0 |
|a Space perception.
|9 31916
|
| 650 |
|
0 |
|a Smell.
|9 31917
|
| 700 |
1 |
|
|a Perliss, Anthony.
|9 31918
|
| 852 |
4 |
|
|a Ayesha Abed Library
|c General Stacks
|
| 942 |
0 |
0 |
|0 1
|2 ddc
|c BK
|
| 999 |
|
|
|c 2087
|d 2087
|
| 952 |
|
|
|0 0
|1 0
|2 ddc
|4 0
|6 720_100000000000000_BAR
|7 0
|9 1919
|a BRACUL
|b BRACUL
|c GEN
|d 2009-07-07
|e Zeenat Book Supply Limited
|g 3037.00
|l 1
|o 720.1 BAR
|p 3010017834
|r 2021-12-23
|s 2021-12-15
|t 1
|w 2009-07-07
|y BK
|x Requisitioned by Md. Shajjad Hossain (Faculty members of the Department of Architecture).
|
| 952 |
|
|
|0 0
|1 0
|2 ddc
|4 0
|6 720_100000000000000_BAR
|7 0
|9 13746
|a BRACUL
|b BRACUL
|c GEN
|d 2011-01-04
|l 2
|m 5
|o 720.1 BAR
|p 3010021681
|r 2021-12-23
|s 2021-12-15
|t 2
|w 2011-01-04
|y BK
|